To-morrow: a peaceful path to real reform. (Record no. 122152)
[ view plain ]
| 000 -LEADER | |
|---|---|
| fixed length control field | 00608nam a22002413 4500 |
| 001 - CONTROL NUMBER | |
| control field | 990139828550107026 |
| 003 - CONTROL NUMBER IDENTIFIER | |
| control field | UkOxU |
| 005 - DATE AND TIME OF LATEST TRANSACTION | |
| control field | 20250429095240.0 |
| 008 - FIXED-LENGTH DATA ELEMENTS--GENERAL INFORMATION | |
| fixed length control field | 931015s1898 enk 000 0 |
| 035 ## - SYSTEM CONTROL NUMBER | |
| System control number | (UkOxU)013982855 |
| 035 ## - SYSTEM CONTROL NUMBER | |
| System control number | (UkOxU)013982855BIB01 |
| 035 ## - SYSTEM CONTROL NUMBER | |
| System control number | CD-0000450644 |
| 041 ## - LANGUAGE CODE | |
| Language code of text/sound track or separate title | eng |
| 092 ## - LOCALLY ASSIGNED DEWEY CALL NUMBER (OCLC) | |
| Classification number | MH876 |
| 100 1# - MAIN ENTRY--PERSONAL NAME | |
| Personal author | Howard, Ebenezer |
| Titles and other words associated with a name | sir. |
| 245 10 - TITLE STATEMENT | |
| Title | To-morrow: a peaceful path to real reform. |
| 260 ## - PUBLICATION INFORMATION | |
| Place of publication | Lond. |
| Date | 1898 |
| 300 ## - PHYSICAL DESCRIPTION | |
| Dimensions | cm.18 |
| 651 ## - SUBJECT ADDED ENTRY--GEOGRAPHIC NAME | |
| Geographic name | United Kingdom |
| 690 00 - BROAD SUBJECT | |
| Broad subject | Social sciences |
| General subdivision | Utopias |
| Source of heading or term | pre20 |
| 942 ## - ADDED ENTRY ELEMENTS (KOHA) | |
| Suppress in OPAC | Do not suppress in OPAC |
| 752 ## - ADDED ENTRY--HIERARCHICAL PLACE NAME | |
| Country or larger entity | England |
| City | London |
| Lost status | Damaged status | Not for loan | Home library | Current library | Shelving location | Date acquired | Total Checkouts | Full call number | Date last seen | Price effective from | Koha item type | Public note |
|---|---|---|---|---|---|---|---|---|---|---|---|---|
| Historic collection | Virtual | Online | 29/04/2025 | SCAN | 29/04/2025 | 29/04/2025 | Book | Please contact [email protected] to request a digital copy (fees apply for non-members) |